Demian /

Guardado en:
Autor Principal: Hesse, Hermann.
Formato: Libro
Idioma:Undetermined
Publicado: México : Publimexi, s/f.
Edición:1era.ed.
Series:El libro del bolsillo
Materias:
Etiquetas: Agregar Etiqueta
Sin Etiquetas, Sea el primero en etiquetar este registro!
LEADER 00554nam a22002055a 4500
001 CEM.cems021236
008 240619s1998####mx############000#0#und#d
005 20240619075300.0
245 1 0 |a Demian /  |c Hesse, Hermann. 
250 |a 1era.ed. 
260 |a México :  |b Publimexi,  |c s/f. 
300 |a 159 p ;  |c 20 cm. 
490 1 |a El libro del bolsillo 
020 |a 9707780408 
100 1 |a Hesse, Hermann. 
082 0 4 |a 833.9 
653 |a Literatura 
653 |a Novela Alemana 
653 |a Novelas 
859 |a CEMS  |b BIB. CEMS - Agricultura  |h 833.9  |i H463  |p A3693.24  |t Ej.1